01563cam a2200313 450000100060000000300080000600500170001400800410003103500190007204000320009104100080012308200180013110000330014924500730018225000110025526000580026630000490032449000730037350000610044650003550050750400400086261000200090265100470092283000190096983000840098894200120107299900170108495201480110125352BD-RjUL20211209050852.0140308s1969 ii bch b 001 0 eng d a(BD-RjUL)25421 aDLCcDLCdDLCdBD-RjULbeng aeng00a954bCOJ 19692 aCorreia-Afonso, John.97794910aJesuit letters and Indian history, 1542-1773 /cJohn. Correia-Afonso a2d ed. aBombay ;aNew York :bOxford University Press,c1969. axxviii, 211 p.bfacsims., map, port.c22 cm.1 aStudies in Indian history and culture of the Heras Institute, no. 20 aA revision of the author's thesis, University of Bombay. aAppendices (p. 168-187): A. An index to John Lockman's Travels of the Jesuits.--B. The chief contributions by Father H. Hosten, S.J., to the history of the Jesuits in India.--C. Archives of special interest in connection with Jesuit letters and Indian history.--D. Tentative list of the principal editions of the Jesuit letters from India, 1542-1773. aBibliography: p. 188-204. and Index20aJesuits.977956 0aIndiaxHistoryy1526-1765xSources.977951 0vno. 20.977957 0aStudies in Indian history and culture of the Heras Institute of Bombay ;977958 2ddccBK c25352d25352 00102ddc40728NFICaRUCLbRUCLcReadingd1974-05-04eOxford university Press Giftl0o954 COJ 1969r2014-03-18 00:00:00tC-1w2014-03-18yBK